000 00667nam a2200217Ii 4500
003 JO-AjNU
008 230605s9999||||xx |||||||||||||| ||und||
017 _a2004/6/1314
040 _aJO-AjNU
_bara
_erda
_cJO-AjNU
041 _aara
050 1 4 _aBF575.H27.S42.2004
100 3 _aشحادة،عبد الله,
_eauthor
_915918
245 0 0 _aدع اجراس السعادة تقرع داخل نفسك
250 _aط1
264 3 1 _aعمان:عبد الله شحادة ،2004
300 _a238ص
336 _atext
_btxt
_2rdacontent
337 _aunmediated
_bn
_2rdamedia
338 _avolume
_bnc
_2rdacarrier
650 4 _aالثقافة-علم النفس
_915919
999 _aA4605
_c8173
_d8173